If You Saw My Most Recent Message - Statistics

General Stats
  • This quiz has been taken 6 times
  • The average score is 22 of 40
Answer Stats
Answer % Correct
Fa
100%
la
100%
lala
100%
lalala
100%
lalalala
100%
lalalalala
100%
lalalalalala
100%
lalalalalalala
100%
lalalalalalalala
100%
lalalalalalalalala
100%
lalalalalalalalalala
100%
lalalalalalalalalalala
67%
lalalalalalalalalalalala
67%
lalalalalalalalalalalalala
67%
lalalalalalalalalalalalalala
33%
lalalalalalalalalalalalalalala
33%
lalalalalalalalalalalalalalalala
33%
lalalalalalalalalalalalalalalalala
33%
lalalalalalalalalalalalalalalalalala
33%
lalalalalalalalalalalalalalalalalalala
33%
lalalalalalalalalalalalalalalalalalalala
33%
lalalalalalalalalalalalalalalalalalalalala
33%
lalalalalalalalalalalalalalalalalalalalalala
33%
lalalalalalalalalalalalalalalalalalalalalalala
33%
lalalalalalalalalalalalalalalalalalalalalalalala
33%
lalalalalalalalalalalalalalalalalalalalalalalalala
33%
lalalalalalalalalalalalalalalalalalalalalalalalalala
33%
lalalalalalalalalalalalalalalalalalalalalalalalalalala
33%
lalalalalalalalalalalalalalalalalalalalalalalalalalalala
33%
lalalalalalalalalalalalalalalalalalalalalalalalalalalalala
33%
lalalalalalalalalalalalalalalalalalalalalalalalalalalalalala
33%
lalalalalalalalalalalalalalalalalalalalalalalalalalalalalalala
33%
lalalalalalalalalalalalalalalalalalalalalalalalalalalalalalalala
33%
lalalalalalalalalalalalalalalalalalalalalalalalalalalalalalalalala
33%
lalalalalalalalalalalalalalalalalalalalalalalalalalalalalalalalalala
33%
lalalalalalalalalalalalalalalalalalalalalalalalalalalalalalalalalalala
33%
lalalalalalalalalalalalalalalalalalalalalalalalalalalalalalalalalalalala
33%
lalalalalalalalalalalalalalalalalalalalalalalalalalalalalalalalalalalalala
33%
lalalalalalalalalalalalalalalalalalalalalalalalalalalalalalalalalalalalalala
33%
lalalalalalalalalalalalalalalalalalalalalalalalalalalalalalalalalalalalalalala
33%
No matching quizzes found
Score Distribution
Percent of People with Each Score
Percentile by Number Answered
Your Score History
You have not taken this quiz